| 000 | 00458nam a2200181Ia 4500 | ||
|---|---|---|---|
| 005 | 20250123051855.0 | ||
| 008 | 240331s9999 xx 000 0 und d | ||
| 020 | _a0745316018 | ||
| 082 |
_bMAD _25665 _a305.4 |
||
| 100 | _aMadsen, D. L | ||
| 245 | 0 | _aFeminist Theory and Literary Practice | |
| 260 |
_aLondon _aVirginia _bPluto Press _c2000 |
||
| 300 | _axiii, 253 p., | ||
| 650 | _aFeminism | ||
| 650 | _aFeminist Theory | ||
| 650 | _aWomen | ||
| 942 | _cL | ||
| 999 |
_c4179 _d4179 |
||